| 000 | 00698nam a22002057a 4500 | ||
|---|---|---|---|
| 999 |
_c16740 _d16740 |
||
| 003 | AR-CdUCM | ||
| 008 | 190329b ||||| |||| 00| 0 eng d | ||
| 040 |
_aMUNICIPALIDAD PROVINCIAL DEL CUSCO _cBIBLIOTECA MUNICIPAL DEL CUSCO |
||
| 082 |
_a869.141 / _bG96 |
||
| 245 |
_aManuel Acuña : _bSus mejores poesías / |
||
| 260 |
_aBarcelona : _bSepbre, _c1955.. |
||
| 300 |
_a121 páginas ; _c16 cm. |
||
| 505 | _aContenido: Prologo -- Misterio -- Entonces y hoy -- Resignación -- A Laura ... | ||
| 650 |
_aLiteratura _983 |
||
| 650 |
_aEspañola _924066 |
||
| 650 |
_aSiglo XX _98 |
||
| 700 |
_aGutierrez, Fernando (Selección y prólogo) _936357 |
||
| 942 |
_2ddc _cLIBROS |
||
| 945 |
_arah _d06/05/2019 |
||